| 000 | 00996nac a22003137a 4500 | ||
|---|---|---|---|
| 001 | BR9603931 | ||
| 003 | BR-BrBNA | ||
| 005 | 20240105121758.0 | ||
| 008 | 230509b bl.|||m| |||| 00| 0 por d | ||
| 040 |
_aBR-BrBNA _bpor _cBiblioteca Nacional de Agricultura |
||
| 072 | _aF06; U10 | ||
| 090 | _aF06 BR9603931 | ||
| 100 | 1 | _aCosta, M.H. | |
| 100 | 1 | _aSediyama, G.C. | |
| 100 | 1 | _aAlves, A.R. | |
| 110 | 1 |
_aAssociacao dos Engenheiros Agricolas de Minas Gerais, Vicosa (Brasil) _9584 |
|
| 245 | 1 | _aModelo de otimizacao de recursos hidricos para irrigacao, conforme a epoca de plantio | |
| 260 | 3 |
_aVicosa, MG (Brasil): _c1992. |
|
| 300 | _a10 p. | ||
| 490 |
_aEngenharia na Agricultura. Serie Irrigacao e Drenagem (Brazil) _vv. 1(2) _x |
||
| 500 | _aSummaries (En, Pt); 7 ref. | ||
| 650 | _aIrrigacao | ||
| 650 | _aAgua | ||
| 650 | _aPlanta | ||
| 650 | _aConsumo | ||
| 650 | _aPrograma de Computador | ||
| 909 |
_a202312 _bLúcia Elande _c55 _dLúcia Elande |
||
| 942 |
_2AGRIS _n0 _cMS |
||
| 999 |
_c287392 _d287392 |
||